000 00368 a2200157 4500
001 74455
020 _a857056991-2
040 _cAnchieta - Colégio São Paulo
100 _aRitzkat, Marly
240 1 0 _aA vida privada no segundo império
_lpor
245 1 0 _aA vida privada no segundo império
300 _a79
362 0 _a1999
650 4 _aBrasil
942 _cBK
999 _c74455
_d74455